Notes on Microvelia flavipes (Hemiptera: Veliidae) (Registro nro. 13414)

Detalles MARC
000 -CABECERA
Campo de control 004110000a22001330004500
090 ## - CLASIFICACIÓN LOCAL
Colección AR
Consecutivo 04317
041 0# - IDIOMA
Código de idioma para texto/pista de sonido o título separado
100 1# - ASIENTO PRINCIPAL--NOMBRE PERSONAL
Nombre personal Drake, C. J.
245 10 - MENCION DE TITULO
Título Notes on Microvelia flavipes (Hemiptera: Veliidae)
500 ## - NOTA GENERAL
Nota general <Literatura de escarabajos coprófagos>
700 1# - ASIENTO SECUNDARIO - NOMBRE PERSONAL
Nombre personal Hottes, F. C.
773 1# - Item fuente:
Título Proceedings of the Biological Society of Washington
Paginas del Articulo 73-74
Lugar, editorial y fecha de publicación 1953
Información sobre la relación 66
942 ## - ELEMENTOS ADICIONALES (KOHA)
Tipo de ítem Artículo
Existencias
Withdrawn status Lost status Damaged status No para préstamo Colección Ubicación Permanente Ubicación actual Fecha de adquisición Fuente de Valor Datos de publicación Seriada Total Checkouts Número topográfico Inventario / Código de Barras Date last seen Ejemplar Price effective from Forma de adquisición Tipo de material
      No para Préstamo Hemeroteca Bogotá Bogotá 21/11/2006 Trujillo, Diego Fuera de circulación   AR 04317 023762 25/03/2015 1 25/03/2015   Artículo